Quiz Les Empires : Empire Carolingien / Histoire de France - Statistiques

Statistiques générales
  • Ce quiz a été pris 212 fois
  • Le résultat moyen est 10 sur 15
Statistiques - réponses
Question Réponse % Correct
En 751, Pépin le Bref dépose le roi Childéric III, dont il est le maire du palais, et se fait élire roi des Francs à sa place, inaugurant la dynastie des Carolingiens. A quelle dynastie appartient le roi déchu ? Mérovingiens
90%
Par le traité de Verdun de 843, l'Empire carolingien Est divisé entre les trois petits-fils de Charlemagne
86%
Quel peuple de Germanie sera l'objet de plusieurs campagnes militaires franques durant une grande partie du règne de Charlemagne ? Les Saxons
86%
En 774, quel titre obtient Charlemagne ? Roi des Lombards
83%
Le jour de Noël 800, Charlemagne est couronné par le pape Léon III Empereur d'Occident
82%
Les lois à l'époque carolingienne sont appelées Capitulaires
81%
Quel peuple venu de Scandinavie, appelé aussi les Vikings, lance des incursions en Europe entre les VIIIe et XIe siècles ? Les Normands
71%
En 778, l'arrière-garde de l'armée de Charlemagne, commandée par Roland, est massacrée au retour d'une expédition en Espagne. Trois siècles plus tard, ce massacre donnera lieu à La Chanson de Roland
70%
A la mort de Pépin le Bref en 768, le royaume franc est divisé durant 3 ans entre Charles (futur Charlemagne) et son frère Carloman
69%
En 987, Louis V, dernier roi carolingien, meurt. Qui lui succède ? Hugues Capet
68%
Le royaume franc est divisé en Comtés
65%
En 885, Eudes, comte de Paris, dirige la défense de la ville contre les Normands. Devenu l'homme fort du royaume, Eudes est élu en 888 Roi des Francs
64%
En 847, Charles II le Chauve promulgue le capitulaire de Meerssen qui officialise la pratique de la recommandation. Ce texte marque le point de départ De la féodalité
55%
En 911, le roi Charles III le Simple conclut avec le Normand Rollon le traité de Saint-Clair-sur-Epte. Le roi y reconnaît La possession de la Normandie aux Normands
48%
Quel téléfilm en 3 parties de 1993 relate la vie de Charlemagne ? Charlemagne, le prince à cheval
23%
Aucun quiz correspondant
Distribution des résultats
% des personnes avec chaque résultat
Percentile par nombre de réponses
Votre historique - résultats
Vous n’avez pas pris ce quiz